| 000 | 01037cam a22001934a 4500 | ||
|---|---|---|---|
| 005 | 20250605164359.0 | ||
| 008 | 250528s ||||||||||||||||||||||||d | ||
| 035 | _a24517 | ||
| 040 |
_aGR-AtMCL _bgre _dGR-AtMCL _eAACR2 |
||
| 245 | 1 | _ae-Academy: Το Ιδανικό Πρόγραμμα για Digital Εξειδίκευση / Κεντρο Βιώσιμης Επιχειρηματικότητας Εξέλιξη | |
| 260 | _c2014 | ||
| 300 | _a42 | ||
| 520 | _aΟι Πέντε Μέρες που Άλλαξαν τον Κλάδο της Επικοινωνίας, Τα πιο Δύσκολα Effies του Κόσμου, 'Σύμμαχοι' Περιεχόμενο και Τεχνολογία και Αντίπαλος η Έλλειψη Μετρησέων, MBA και Digital Θεματικές στην Κορυφή της Ζητήσης, Θηρευτές και Θηρευόμενοι. | ||
| 700 | 1 |
_aΚορδελάς Δημήτρης _99464 |
|
| 942 | _cCR | ||
| 710 | 2 |
_aThe Marketing Week _99825 |
|
| 999 |
_c9394 _d9394 |
||